Curso de interpretación

Guardat en:
Dades bibliogràfiques
Autor principal: Cortot, Alfred (Autor)
Format: Llibre
Idioma:espanyol
Publicat: Buenos Aires Ricordi Americana 1954
Col·lecció:Biblioteca Manuales Musicales
Matèries:
Etiquetes: Afegir etiqueta
Sense etiquetes, Sigues el primer a etiquetar aquest registre!

MARC

LEADER 00000nam a2200000 a 4500
001 UCN2745
003 CL-VaPUC
005 20250224114856.0
008 010531e19540000AG |||||||||||||||||spa|d
999 |c 295800  |d 295798 
040 |c Pontificia Universidad Católica de Valparaíso 
082 0 4 |a 781.46 COR 1954  |2 21 
100 0 |a Cortot, Alfred  |e author  |9 458900 
245 1 0 |a Curso de interpretación 
260 |a Buenos Aires  |b Ricordi Americana  |c 1954 
300 |a 198 p 
490 0 |a Biblioteca Manuales Musicales 
583 |a last modification  |c 20010531 00:00:00  |k Rodrigo Vera 
650 0 |a Interpretación musical  |9 458698 
650 0 |a Formas musicales  |9 306416 
650 0 |a Preludios  |9 458793 
650 0 |a Fuga  |2 CL-VaPUC  |9 349694 
650 0 |a Suites  |9 458716 
650 0 |a Sonatas  |9 458722 
650 0 |a Conciertos  |9 306377 
650 0 |a Variaciones  |9 539370 
942 |c BK  |2 ddc 
945 |d 20010531 00:00:00  |a crobeson 
952 |0 0  |1 0  |2 ddc  |4 0  |6 781_460000000000000_COR_1954  |7 0  |8 A  |9 349154  |a BIBEDU  |b BIBEDU  |d 2019-11-20  |i 1186108  |o 781.46 COR 1954  |p 1186108  |r 2023-01-12  |w 2019-11-20  |y BK  |k MUS